[Event "12th World Uni Men"]
[Site "Guimaraes POR"]
[Date "2012.08.20"]
[Round "2.16"]
[White "Shinoda,Taro"]
[Black "Goiriz,Y"]
[Result "1-0"]
[WhiteElo "1918"]
[BlackElo "2125"]

1.d4 Nf6 2.c4 e6 3.g3 Be7 4.Bg2 d5 5.Nf3 O-O 6.O-O b6 7.cxd5 exd5 8.Nc3 Bb7
9.Bf4 c5 10.Rc1 Nbd7 11.Nb5 Ne4 12.Nd2 f5 13.Nxe4 fxe4 14.Nc7 Nf6 15.Nxa8 Bxa8
16.Qa4 cxd4 17.Qxd4 Bc5 18.Qa4 Qe7 19.b4 g5 20.Bxg5 Bxb4 21.Bxf6 Rxf6 22.Rc8+ Rf8
23.Rxf8+ Kxf8 24.Rc1 Bc5 25.e3 a5 26.Bh3 h6 27.Rd1 Qd6 28.Qd7 Qxd7 29.Bxd7 Ke7
30.Bb5 Kd6 31.h3 Bb7 32.Kh2 Bc6 33.Bxc6 Kxc6 34.g4 b5 35.Kg3 Bd6+ 36.Kh4 b4
37.Kh5 Bf8 38.Kg6 Kd6 39.h4 Ke5 40.h5 a4 41.g5 hxg5 42.h6 Be7 43.h7 Bf6 44.Rxd5+  1-0

[Event "EY Boys U14 2012"]
[Site "Prague CZE"]
[Date "2012.08.20"]
[Round "4.52"]
[White "Spacek,O"]
[Black "Manfroi,Andrea"]
[Result "1-0"]
[WhiteElo "1945"]
[BlackElo "1786"]

1.d4 d5 2.c4 e6 3.Nf3 Nf6 4.g3 Be7 5.Bg2 c6 6.Nbd2 O-O 7.O-O Nbd7 8.b3 h6
9.Bb2 b6 10.Qc2 Bb7 11.Rac1 Rc8 12.Rfd1 Re8 13.Qb1 Qc7 14.e3 Qb8 15.Ne5 Red8
16.Ndf3 dxc4 17.bxc4 Bd6 18.Nxd7 Nxd7 19.e4 Be7 20.Qa1 Nf6 21.e5 Nd7 22.Nd2 c5
23.d5 exd5 24.cxd5 Qa8 25.Nc4 Nb8 26.Ne3 Bf8 27.Bh3 Rc7 28.d6 Rc6 29.Nf5 Bc8
30.Ne7+ Kh8 31.Bxc8 Rcxc8 32.Nxc8 Rxc8 33.Qb1 Qb7 34.Qf5 Rd8 35.e6 fxe6 36.Qxe6 Kh7
37.Qf5+ g6 38.Qf6  1-0

[Event "11th Lichtenberger Sommer 2012"]
[Site "Berlin GER"]
[Date "2012.08.21"]
[Round "4.49"]
[White "Zschaebitz,K"]
[Black "Bandlow,M"]
[Result "1-0"]
[WhiteElo "2077"]
[BlackElo "1971"]

1.d4 d5 2.c4 e6 3.Nf3 Nf6 4.g3 Be7 5.Bg2 O-O 6.O-O c5 7.cxd5 Nxd5 8.e4 Nb6
9.Nc3 cxd4 10.Nxd4 e5 11.Nc2 Nc6 12.Nd5 Bc5 13.b4 Nxd5 14.bxc5 Nde7 15.Be3 Be6
16.Qe2 Qa5 17.Rfb1 Rab8 18.a4 Rfd8 19.Rb5 Qc3 20.Ra3 Qc4 21.Bf3 Rd7 22.Rb2 Rc8
23.Qxc4 Bxc4 24.Bg4 Be6 25.Bxe6 fxe6 26.f4 exf4 27.gxf4 e5 28.f5 Nd4 29.Bxd4 exd4
30.Rd3 Rxc5 31.Rxd4 Rdc7 32.Rd8+ Kf7 33.Nd4 Rc1+ 34.Kf2 Nc6 35.Nxc6 R1xc6
36.Ke3 Rc4 37.Rd4 b6 38.Rbd2 Ke7 39.Rg2 Kf6 40.Rd6+ Kf7 41.Ra2 Re7 42.Rd4 Rc5
43.Kf4 Kf6 44.Rd6+ Kf7 45.Rad2 Rc4 46.R2d4 Rc2 47.Rd2 Rc4 48.R6d4 Rc5 49.h4 Kf6
50.Rd6+ Kf7 51.R6d5 Rc4 52.R5d4 Rc5 53.Rd5 Rc1 54.Rd1 Rc4 55.R5d4 Rc5 56.Rd7 Rc4
57.R1d4 Rc1 58.h5 Rf1+ 59.Kg3 Rc1 60.Kf3 Rc3+ 61.Kf4 Rc1 62.Rxe7+ Kxe7 63.Ke5 Rc5+
64.Rd5 Rc4 65.h6 gxh6 66.f6+ Ke8 67.a5 h5 68.axb6 axb6 69.Rd6 h4 70.Rxb6 h3
71.Rb3 Rc5+ 72.Ke6 Rc6+ 73.Kf5 h2 74.Rh3 Rc2 75.Rxh7 Re2 76.e5 Kd8 77.Ke6 Rf2
78.f7 Kc8 79.Rxh2  1-0

[Event "12th World Uni Women"]
[Site "Guimaraes POR"]
[Date "2012.08.21"]
[Round "3.7"]
[White "Enkhtuul,A"]
[Black "Bilegjargal,Bayasgalan"]
[Result "1-0"]
[WhiteElo "2117"]
[BlackElo "1841"]

1.Nf3 Nf6 2.d4 d5 3.c4 e6 4.g3 Be7 5.Bg2 O-O 6.O-O Nbd7 7.Qc2 c6 8.Nbd2 Qc7
9.e4 dxe4 10.Nxe4 e5 11.dxe5 Nxe5 12.Bf4 Nxf3+ 13.Bxf3 Qa5 14.a3 h6 15.c5 Nxe4
16.b4 Qd8 17.Bxe4 Be6 18.Rad1 Qc8 19.Rfe1 a5 20.Qc1 Rd8 21.Rxd8+ Bxd8 22.Be5 Bc7
23.Bb2 axb4 24.axb4 Bf5 25.Qc3 f6 26.Bxf5 Qxf5 27.Re7 Be5 28.Qc4+ Kh8 29.Bxe5 fxe5
30.Kg2 Rb8 31.Qe2 Qb1 32.Qxe5 Rg8 33.Rxb7 Qb3 34.h4 Qc4 35.Rc7 Qxb4 36.Rxc6 Qb7
37.Qe4 Qf7 38.Re6 Rf8 39.Qe3 Rc8 40.c6 Kg8 41.Qe4 Rf8 42.f3 Qa7 43.Re8 Qa2+
44.Kh3 Qf7 45.Rxf8+ Kxf8 46.Qb4+ Kg8 47.Qc3 Qc7 48.Qc4+ Kh8 49.Qd5  1-0

[Event "12th World Uni Men"]
[Site "Guimaraes POR"]
[Date "2012.08.21"]
[Round "4.17"]
[White "Shinoda,Taro"]
[Black "Nakamura,N"]
[Result "1/2-1/2"]
[WhiteElo "1918"]
[BlackElo "2053"]

1.d4 Nf6 2.c4 e6 3.g3 d5 4.Nf3 Be7 5.Bg2 O-O 6.O-O dxc4 7.Ne5 Nc6 8.Bxc6 bxc6
9.Nxc6 Qe8 10.Nxe7+ Qxe7 11.Qa4 e5 12.dxe5 Qxe5 13.Qxc4 Be6 14.Qc2 Bf5 15.Qc4 Be6
16.Qc2 Bf5 17.Qc4 Be6  1/2-1/2

[Event "e2e4 Gatwick Masters B 2012"]
[Site "Crawley ENG"]
[Date "2012.08.22"]
[Round "8.5"]
[White "Snape,I"]
[Black "Venkataramanan,T"]
[Result "0-1"]
[WhiteElo "2274"]
[BlackElo "2287"]

1.c4 e6 2.g3 d5 3.Bg2 Nf6 4.Nf3 Be7 5.d4 O-O 6.O-O dxc4 7.Qc2 a6 8.a4 c5
9.dxc5 Bxc5 10.Qxc4 Qb6 11.Na3 Nc6 12.Bg5 Nd5 13.Rac1 Be7 14.e4 Bxg5 15.Nxg5 Ne3
16.Qd3 Nxf1 17.e5 g6 18.Bxc6 Qd8 19.Qxf1 Qxg5 20.f4 Qd8 21.Bf3 Bd7 22.Nc4 Rc8
23.Rd1 b5 24.axb5 axb5 25.Nd6 Qb6+ 26.Kh1 Rc2 27.Ne4 Bc6 28.Rd6 Rd8 29.Qd1 Rxd6
30.Qxd6 Qa5 31.Qd1 Bxe4 32.Bxe4 Rxb2 33.Bc2 Qa8+ 34.Kg1 Qd5  0-1

[Event "11th Lichtenberger Sommer 2012"]
[Site "Berlin GER"]
[Date "2012.08.23"]
[Round "6.23"]
[White "Zschaebitz,K"]
[Black "Geissler,Felix"]
[Result "1-0"]
[WhiteElo "2077"]
[BlackElo "1766"]

1.d4 d5 2.c4 e6 3.Nf3 Nf6 4.g3 Be7 5.Bg2 O-O 6.O-O c5 7.cxd5 exd5 8.Nc3 Nc6
9.dxc5 Bxc5 10.Bg5 d4 11.Bxf6 Qxf6 12.Ne4 Qe7 13.Nxc5 Qxc5 14.Rc1 Qb6 15.Qc2 Bg4
16.Ng5 g6 17.Ne4 Nb4 18.Qd2 Rac8 19.a3 Nd5 20.Rfd1 Rfd8 21.h3 Be6 22.Qxd4 Nf4
23.Nf6+ Kf8 24.Nxh7+ Ke8 25.Qa4+ Ke7 26.Qxf4 Qxb2 27.Rb1 Qxe2 28.Rxb7+ Bd7
29.Qb4+ Ke6 30.Re1  1-0

[Event "EY Boys U14 2012"]
[Site "Prague CZE"]
[Date "2012.08.23"]
[Round "7.9"]
[White "Bellahcene,B"]
[Black "Miknevicius,Laurynas"]
[Result "1-0"]
[WhiteElo "2390"]
[BlackElo "1830"]

1.d4 d5 2.Nf3 Nf6 3.c4 e6 4.g3 Be7 5.Bg2 O-O 6.O-O dxc4 7.Qc2 a6 8.a4 Bd7
9.Qxc4 Bc6 10.Bf4 Nbd7 11.Nc3 Nb6 12.Qb3 Nbd5 13.Rfd1 b6 14.Ne5 Bb7 15.Rac1 Bd6
16.Bg5 Nxc3 17.Rxc3 Bxg2 18.Kxg2 Qb8 19.Bxf6 gxf6 20.Nd7 Qb7+ 21.Rf3 Rfd8
22.Nxf6+ Kh8 23.Qd3  1-0

[Event "EY Boys U16 2012"]
[Site "Prague CZE"]
[Date "2012.08.23"]
[Round "7.42"]
[White "Vaculik,Jakub1"]
[Black "Jozefek,M"]
[Result "1/2-1/2"]
[WhiteElo "1850"]
[BlackElo "2081"]

1.d4 Nf6 2.c4 e6 3.g3 d5 4.Bg2 Be7 5.Nf3 O-O 6.O-O Nbd7 7.Qc2 a6 8.b3 b6
9.Bf4 Bb7 10.Nc3 Rc8 11.cxd5 exd5 12.Qb2 Re8 13.Rfd1 Bb4 14.Rac1 Qe7 15.Nb1 Qxe2
16.Qxe2 Rxe2 17.a3 Bf8 18.Rxc7 Rxc7 19.Bxc7 Ra2 20.b4 Ne8 21.Ne5 Nxe5 22.Bxe5 f6
23.Bb8 Rc2 24.Ba7 a5 25.Bxb6 axb4 26.axb4 Bxb4 27.Bh3 Kf7 28.Bf5 Rc6 29.Ba7 Ba6
30.Bd7 Rc7 31.Bxe8+ Kxe8 32.Bb8 Rc2 33.Bf4 Be2 34.Rc1 Rxc1+ 35.Bxc1 Bd3 36.Bd2 Bd6
37.Nc3 Bc4 38.f3 Ke7 39.Kf2 Ke6 40.h3 Be7 41.Ne2 Bxe2 42.Kxe2 Bd6 43.g4 f5
44.Bc1 Kf7 45.Kf2 Kg6 46.Bd2 h5 47.Bc1 Bc7 48.Bd2 Bd8 49.Bf4 Bf6 50.Ke3 Bg5
51.Bxg5 Kxg5 52.gxh5 f4+ 53.Kf2 Kxh5  1/2-1/2

[Event "2nd Isthmia Open A"]
[Site "Korinthia GRE"]
[Date "2012.08.24"]
[Round "8.10"]
[White "Antic,De"]
[Black "Stamos,F"]
[Result "1/2-1/2"]
[WhiteElo "2506"]
[BlackElo "1971"]

1.d4 Nf6 2.c4 e6 3.g3 d5 4.Bg2 Be7 5.Nf3 O-O 6.O-O dxc4 7.Qc2 b5 8.a4 b4
9.Ne5 Qxd4 10.Bxa8 Qxe5 11.Bf3 Ba6 12.Bf4 Qa5 13.Nd2 b3 14.Qc1 Qb4 15.Be5 Nd5
16.Ne4 Nc6 17.Bc3 Nxc3 18.Nxc3 Nd4 19.Qf4 Nxf3+ 20.exf3 Bf6 21.Rac1 Qd6 22.Qe4 Bxc3
23.Rxc3 Qd5 24.Qe3 c5 25.Qe2 Rd8 26.Rb1 h6 27.Kg2 Qf5 28.Rbc1 Rd4 29.Rxb3 cxb3
30.Qxa6 Qd5 31.Qc8+ Kh7 32.Rxc5 Qd6 33.Qc7 Qxc7 34.Rxc7 Rxa4 35.Rb7 Kg6 36.Rxb3 Ra6
37.f4 Rd6 38.Rb7 a5 39.g4 Ra6 40.h4 a4 41.h5+ Kf6 42.Rb5 a3 43.g5+ Ke7 44.bxa3 Rxa3
45.Rb7+ Kf8 46.Rb8+ Ke7 47.Rb7+ Kf8 48.g6 fxg6 49.hxg6 Ra5 50.Rf7+ Ke8 51.Rxg7 Rf5
52.Kg3 Kf8 53.Ra7 Rf6 54.g7+ Kg8 55.Re7 h5 56.Ra7 Rg6+ 57.Kh4 Rxg7 58.Ra8+ Kf7
59.Kxh5 Kf6 60.Kh4 Kf5 61.Rf8+ Ke4 62.Rf6 e5 63.fxe5 Kxe5 64.Rf8 Ke6 65.Rf4 Ke5
66.Rg4 Rf7 67.Kg3 Ra7 68.Rf4 Rg7+ 69.Kf3 Ra7 70.Rf8 Ke6 71.Kg4 Ke7 72.Rf5 Ra1
73.Kf4 Ke6 74.f3 Rg1 75.Rg5 Ra1 76.Rf5 Rg1 77.Rf8 Ke7 78.Rf5  1/2-1/2

[Event "EY Boys U16 2012"]
[Site "Prague CZE"]
[Date "2012.08.24"]
[Round "8.15"]
[White "Korchmar,V"]
[Black "Eggink,M"]
[Result "1-0"]
[WhiteElo "2234"]
[BlackElo "2013"]

1.d4 d5 2.Nf3 Nf6 3.g3 e6 4.c4 Be7 5.Bg2 O-O 6.O-O Nbd7 7.Qc2 c6 8.Bf4 Nh5
9.Bc1 f5 10.Ne5 Nxe5 11.dxe5 g5 12.b3 Bd7 13.Ba3 Be8 14.Qb2 Bg6 15.Nd2 g4
16.e3 Ng7 17.Bxe7 Qxe7 18.b4 h5 19.b5 h4 20.Rfc1 Be8 21.Rab1 Bd7 22.bxc6 bxc6
23.Qb7 Rfb8 24.Qc7 Qd8 25.Qxd8+ Rxd8 26.Rb7 h3 27.Bf1 Ne8 28.Rcb1 Bc8 29.Rb8 Ba6
30.Rxa8 Rxa8 31.cxd5 Bxf1 32.Kxf1 cxd5 33.Rb7 a5 34.Nb3 Rc8 35.Ra7 Rc2 36.Rxa5 Rb2
37.Nc1 Nc7 38.Nd3 Rb1+ 39.Ne1 Kf8 40.Rc5 Nb5 41.Rc8+ Ke7 42.Rb8 Nc3 43.Rxb1 Nxb1
44.f3 gxf3 45.Nxf3 Nc3 46.a3 Ne4 47.a4 Kd7 48.a5 Kc7 49.Nd4 Ng5 50.Kf2 Kb7
51.g4 fxg4 52.Kg3 Nf7 53.Kxg4 Nxe5+ 54.Kxh3 Nc4 55.Nxe6 Nxa5 56.Kg4 Kc6 57.h4 Kd6
58.Nd4 Nc4 59.Kf4 Ke7 60.Nc6+ Kd6 61.Nb4 Ke6 62.h5 Nd6 63.Kg5 Nf7+ 64.Kg6 Ne5+
65.Kg7 Ng4 66.h6 Nxh6 67.Kxh6 Ke5 68.Kg5 Ke4 69.Nxd5 Kxd5 70.Kf5 Kd6 71.e4  1-0

[Event "EY Boys U18 2012"]
[Site "Prague CZE"]
[Date "2012.08.24"]
[Round "8.42"]
[White "Pospisil,M"]
[Black "Panainte,D"]
[Result "1-0"]
[WhiteElo "2084"]
[BlackElo "2005"]

1.d4 d5 2.c4 e6 3.Nf3 Nf6 4.g3 Be7 5.Bg2 O-O 6.O-O Nbd7 7.Qc2 c6 8.Nbd2 b6
9.e4 dxe4 10.Nxe4 Bb7 11.Bf4 Nxe4 12.Qxe4 Nf6 13.Qe2 c5 14.Rfd1 Qe8 15.Rd2 cxd4
16.Nxd4 Bxg2 17.Kxg2 Bc5 18.Rad1 Rd8 19.Be5 Bxd4 20.Rxd4 Rxd4 21.Rxd4 Qc6+
22.Qf3 Qxf3+ 23.Kxf3 Rc8 24.b3 Kf8 25.Bxf6 gxf6 26.Rd7 a6 27.Ke3 Rc6 28.Kd4 a5
29.Kc3 Kg7 30.a4 e5 31.Rd5 Kg6 32.b4 axb4+ 33.Kxb4 Kf5 34.f3 Ke6 35.Rd8 f5
36.a5 bxa5+ 37.Kb5 Rc7 38.c5 Rb7+ 39.Kxa5 Rb2 40.c6 Rc2 41.Kb6 Rb2+ 42.Ka7 Rc2
43.Kb7 Rb2+ 44.Kc8 Ke7 45.Rd5 f6 46.Rd7+ Ke8 47.Rxh7 e4 48.fxe4 fxe4 49.Rh4 f5
50.Rf4 Rxh2 51.Rxf5 Rc2 52.Re5+ Kf7 53.c7  1-0

[Event "12th ch-Euro Seniors"]
[Site "Kaunas LTU"]
[Date "2012.08.25"]
[Round "8.31"]
[White "Mortensen,S"]
[Black "Strumilo,S"]
[Result "1/2-1/2"]
[WhiteElo "2031"]
[BlackElo "1790"]

1.d4 Nf6 2.Nf3 d5 3.c4 e6 4.g3 Be7 5.Bg2 O-O 6.O-O Nbd7 7.Nc3 dxc4 8.Qc2 c6
9.a4 a5 10.Rd1 Qb6 11.e4 Qa6 12.Bg5 h6 13.Bxf6  1/2-1/2

[Event "2nd Isthmia Open A"]
[Site "Korinthia GRE"]
[Date "2012.08.25"]
[Round "9.23"]
[White "Deligiannis,P2"]
[Black "Sigalas,F"]
[Result "0-1"]
[WhiteElo "2037"]
[BlackElo "2224"]

1.c4 Nf6 2.g3 e6 3.Bg2 d5 4.d4 Be7 5.Nf3 O-O 6.O-O dxc4 7.Qc2 a6 8.Qxc4 b5
9.Qc2 Bb7 10.Bd2 Bd6 11.Rc1 Be4 12.Qb3 Qe7 13.Bg5 c5 14.Qe3 Bxb1 15.dxc5 Bxc5
16.Qxc5 Qxc5 17.Rxc5 Be4 18.Bxf6 gxf6 19.Nd4 Bxg2 20.Kxg2 Rd8 21.e3 Nd7 22.Rc7 Nb6
23.Rac1 Rac8 24.R1c6 Rxc7 25.Rxc7 Rd6 26.Kf3 Nd5 27.Rc8+ Kg7 28.Ke2 f5 29.h4 Kf6
30.Rh8 Kg7 31.Ra8 Kf6 32.f4 Nb4 33.a3 Nd5 34.Ra7 h6 35.Nf3 Rc6 36.Ne5 Rc7
37.Rxc7 Nxc7 38.Nd7+ Ke7 39.Nc5 Kd6 40.b4 Kd5 41.Kf3 a5 42.g4 axb4 43.axb4 Kc4
44.e4 Kxb4 45.Nb7 Kc3 46.exf5 exf5 47.gxf5 Ne8 48.Ke4 b4 49.Kd5 Nf6+ 50.Kc6 Kd4
51.Nc5 Ne4 52.Nb3+ Ke3  0-1

[Event "24th Schlosspark Open"]
[Site "Wiesbaden GER"]
[Date "2012.08.25"]
[Round "4.51"]
[White "Seidel,J"]
[Black "Busch,Malte"]
[Result "1-0"]
[WhiteElo "2059"]
[BlackElo "1765"]

1.d4 d5 2.Nf3 Nf6 3.c4 e6 4.g3 Be7 5.Bg2 O-O 6.O-O Nbd7 7.b3 c5 8.cxd5 Nxd5
9.e4 N5f6 10.Re1 b6 11.d5 exd5 12.e5 Ne8 13.Qxd5 Nc7 14.Qe4 Rb8 15.Bb2 Bb7
16.Qg4 Ne6 17.Nbd2 Qc7 18.Ne4 Bxe4 19.Qxe4 Rfd8 20.Bh3 Ndf8 21.Bf1 Qb7 22.Qg4 h6
23.Bg2 Qc8 24.Qe4 c4 25.Qxc4 Qxc4 26.bxc4 Nc5 27.Red1 Nd3 28.Bd4 Nb4 29.Rd2 Rbc8
30.Bf1 Ne6 31.Be3 Ng5 32.Nd4 Rxd4 33.Bxg5 Bxg5 34.Rxd4 Nc2 35.Rad1 Nxd4 36.Rxd4 Rc7
37.Bg2 Be7 38.Kf1 Kf8 39.f4 Bc5 40.Rd8+ Ke7 41.Rg8 g6 42.Bd5 Bb4 43.Rh8 h5
44.Bxf7  1-0

[Event "24th Schlosspark Open"]
[Site "Wiesbaden GER"]
[Date "2012.08.25"]
[Round "4.19"]
[White "Sokratov,S"]
[Black "Keil,Roland"]
[Result "1/2-1/2"]
[WhiteElo "2165"]
[BlackElo "2024"]

1.d4 d5 2.c4 e6 3.Nf3 Nf6 4.g3 Be7 5.Bg2 O-O 6.O-O dxc4 7.Qc2 a6 8.Qxc4 b5
9.Qc2 Bb7 10.Bd2 Be4 11.Qc1 Nbd7 12.Bg5 Rc8 13.Qf4 h6 14.Bxf6 Nxf6 15.Nc3 Ba8
16.Rfd1 Bd6 17.Qe3 Qe7 18.Ne5 Bxg2 19.Kxg2 c5 20.dxc5 Bxe5 21.Qxe5 Qb7+ 22.Kg1 Nd7
23.Qe4 Qxe4 24.Nxe4 Nxc5 25.Nd6 Rb8 26.Rac1 Nb7 27.Ne4 Rfc8 28.b4 f5 29.Nd2 Nd6
30.Nb3 Ne4 31.Kf1 Nc3 32.Rd2 Nd5 33.Rxc8+  1/2-1/2

[Event "11th Lichtenberger Sommer 2012"]
[Site "Berlin GER"]
[Date "2012.08.26"]
[Round "9.14"]
[White "Sieglen,J"]
[Black "Kutzner,S"]
[Result "1-0"]
[WhiteElo "2281"]
[BlackElo "2036"]

1.d4 Nf6 2.c4 e6 3.g3 d5 4.Bg2 Be7 5.Nf3 O-O 6.O-O dxc4 7.Qc2 b5 8.a4 b4
9.Nfd2 c6 10.Nxc4 Qxd4 11.Rd1 Qc5 12.Be3 Qh5 13.Nbd2 Ng4 14.Nf3 Nd7 15.Bd4 Bc5
16.h3 Ngf6 17.Bxf6 gxf6 18.Nd4 Bxd4 19.Rxd4 Qc5 20.Rh4 f5 21.Qd2 f6 22.Rc1 Qe7
23.Na5 Ne5 24.Rxb4 Ba6 25.Rd4 c5 26.Rd6 Rad8 27.Rxd8 Rxd8 28.Qe3 Rd4 29.b3 Qd6
30.Nb7 Rd1+ 31.Kh2 Bxb7 32.Rxd1 Qxd1 33.Bxb7 Qd4 34.Qxd4 cxd4 35.f4 d3 36.exd3 Nxd3
37.Ba6 Nc5 38.Bc4 a5 39.b4 axb4 40.a5 Kf7 41.a6 Nd7 42.a7 Nb6 43.g4 fxg4
44.hxg4 Ke7 45.Bd3 h6 46.Be4 h5 47.gxh5 f5 48.Bc2 Kf6 49.Kg3 e5 50.fxe5+ Kxe5
51.h6 Kf6 52.h7 Kg7 53.Bxf5  1-0

[Event "40th Olympiad Open"]
[Site "Istanbul TUR"]
[Date "2012.08.28"]
[Round "1.16"]
[White "Vallejo Pons,F"]
[Black "Eid,Fa"]
[Result "1-0"]
[WhiteElo "2697"]
[BlackElo "2377"]

1.d4 Nf6 2.c4 e6 3.g3 d5 4.Nf3 Be7 5.Bg2 O-O 6.O-O Nbd7 7.Qc2 c5 8.Rd1 b5
9.cxd5 exd5 10.Ne5 Qb6 11.Be3 Nxe5 12.dxe5 Ng4 13.Bf4 c4 14.e3 g5 15.Nc3 Rd8
16.Rxd5 gxf4 17.gxf4 Nxe3 18.Rxd8+ Bxd8 19.fxe3 Qxe3+ 20.Kh1 Rb8 21.Nd5 Qc5
22.Be4 Bb7 23.Qg2+ Kf8 24.Rg1 Ke8 25.Qg8+ Qf8 26.Qxh7  1-0

[Event "40th Olympiad Open"]
[Site "Istanbul TUR"]
[Date "2012.08.28"]
[Round "1.12"]
[White "Fridman,D"]
[Black "Steadman,M"]
[Result "1-0"]
[WhiteElo "2653"]
[BlackElo "2237"]

1.Nf3 d5 2.c4 e6 3.g3 Nf6 4.Bg2 Be7 5.d4 O-O 6.Qc2 Nbd7 7.O-O c6 8.b3 Ne4
9.Bb2 f5 10.Nbd2 a5 11.a3 Bd6 12.Ne1 Nxd2 13.Qxd2 b5 14.cxb5 cxb5 15.Nd3 a4
16.Bc3 Nb6 17.Qb2 f4 18.Bb4 fxg3 19.hxg3 Bxb4 20.axb4 Bd7 21.Nc5 h5 22.Bh3 Qf6
23.Qc3 Bc8 24.Qe3 Re8 25.f4 Kf7 26.Kh2 Re7 27.Qd3 axb3 28.Rxa8 Nxa8 29.Nxb3 Bd7
30.Nc5 Be8 31.e4 Kg8 32.e5 Qh6 33.f5 exf5 34.Bxf5 g5 35.Bc8 Nc7 36.Rf6 Qh7
37.Bf5  1-0

[Event "40th Olympiad Women"]
[Site "Istanbul TUR"]
[Date "2012.08.28"]
[Round "1.9"]
[White "Cosma,E"]
[Black "Boyard,Marie"]
[Result "1/2-1/2"]
[WhiteElo "2352"]
[BlackElo "2035"]

1.d4 d5 2.c4 e6 3.Nf3 Nf6 4.g3 Be7 5.Bg2 O-O 6.O-O dxc4 7.Qc2 a6 8.a4 Bd7
9.Qxc4 Bc6 10.Nc3 b5 11.Qd3 b4 12.Nb1 Be4 13.Qd1 c5 14.Nbd2 Bd5 15.dxc5 Bxc5
16.Nb3 Be7 17.Ne5 Bxg2 18.Kxg2 Qc7 19.Nf3 Rd8 20.Bf4 Qb7 21.Na5 Qe4 22.Qc1 Nd5
23.Bxb8 Rdxb8 24.Qc4 Qxc4 25.Nxc4 Nb6 26.Nfd2 Nxc4 27.Nxc4 Rd8 28.Rad1 Bc5
29.e3 Kf8 30.Kf3 f6 31.Rxd8+ Rxd8 32.Rc1 Be7 33.Ke2 Rc8 34.b3 Rc5 35.Rd1 Ke8
36.e4 a5 37.h4 h5 38.f4 g5 39.hxg5 fxg5 40.e5 h4 41.gxh4 gxh4 42.Kf3 Rc7
43.Kg4 Bd8 44.Nd6+ Kf8 45.Ne4 Rg7+ 46.Kh3 Be7 47.Rc1 Ke8 48.Rc8+ Kd7 49.Ra8 Rf7
50.Ra7+ Ke8 51.Ra8+ Kd7 52.Kg4 h3 53.Rh8 Rg7+ 54.Ng5 Kc6 55.Rxh3 Bxg5 56.fxg5 Kd5
57.Rh8 Kxe5 58.Ra8 Kd4 59.Rxa5 Kc3 60.Re5 Kxb3 61.a5 Ra7 62.g6 Kc2 63.Rxe6 Rxa5
64.Rc6+ Kb2 65.g7 Ra8 66.Kf5 b3 67.Kf6 Ka2 68.Rb6 b2 69.Kf7 Ra7+ 70.Kf8  1/2-1/2

[Event "40th Olympiad Open"]
[Site "Istanbul TUR"]
[Date "2012.08.29"]
[Round "2.13"]
[White "Vallejo Pons,F"]
[Black "Zhigalko,S"]
[Result "1/2-1/2"]
[WhiteElo "2697"]
[BlackElo "2667"]

1.Nf3 Nf6 2.c4 e6 3.g3 d5 4.d4 Be7 5.Bg2 O-O 6.O-O dxc4 7.Qc2 a6 8.Qxc4 b5
9.Qc2 Bb7 10.Bd2 Bd6 11.Bg5 Nbd7 12.Rd1 Qb8 13.Nbd2 Rc8 14.Bxf6 Nxf6 15.Ng5 Bxg2
16.Kxg2 Qb7+ 17.Kg1 c5 18.Nde4 Nxe4 19.Qxe4 Qxe4 20.Nxe4 Bf8 21.dxc5 Bxc5
22.Rd7 Bf8 23.Rad1 Rc2 24.R1d2 Rac8 25.Kg2 h6 26.Rxc2 Rxc2 27.Rd2 Rc1 28.f4 Ra1
29.Nc3 Rc1 30.Ne4 Ra1 31.Nc3 Rc1 32.Ne4  1/2-1/2

[Event "40th Olympiad Women"]
[Site "Istanbul TUR"]
[Date "2012.08.29"]
[Round "2.27"]
[White "Botsari,A"]
[Black "Baciu,D"]
[Result "1-0"]
[WhiteElo "2336"]
[BlackElo "2186"]

1.d4 Nf6 2.g3 e6 3.Bg2 d5 4.Nf3 Be7 5.c4 O-O 6.Qc2 c6 7.O-O b6 8.Nbd2 Bb7
9.e4 dxe4 10.Nxe4 Nbd7 11.Nxf6+ Bxf6 12.Rd1 Qe7 13.Bf4 Rfd8 14.h4 Nf8 15.c5 bxc5
16.dxc5 e5 17.Rxd8 Rxd8 18.Re1 Rd5 19.b4 Qc7 20.Bc1 a5 21.a3 axb4 22.axb4 Ba6
23.Qa2 Bd3 24.Bb2 Qb8 25.Nd2 Rd8 26.Qa5 Bb5 27.Ne4 Be7 28.Qa1 f6 29.Qa2+ Kh8
30.Ng5 fxg5 31.Bxe5 Bd6 32.Bxd6 Qc8 33.Qf7 gxh4 34.Re7 Qg4 35.Re8  1-0

[Event "World Youth U16 Olympiad 2012"]
[Site "Istanbul TUR"]
[Date "2012.08.30"]
[Round "2.10"]
[White "Dolnak,Michal"]
[Black "Mikes,J"]
[Result "1/2-1/2"]
[WhiteElo "2141"]
[BlackElo "2125"]

1.d4 Nf6 2.c4 e6 3.g3 d5 4.Nf3 Be7 5.Bg2 O-O 6.O-O a6 7.Qc2 Nbd7 8.b3 Re8
9.Nbd2 c5 10.e3 b6 11.Bb2 Bb7 12.Rac1 Rc8 13.Qb1 Qc7 14.Rfd1 Qb8 15.cxd5 exd5
16.Bh3 Rcd8 17.Ne5 Nf8 18.Ndf3 Bd6 19.Qa1 Ne4 20.Bg2 Ne6 21.Nd3 Rd7 22.Ba3 Rde7
23.Rc2 Qa8 24.Qc1 Rc7 25.Nd2 cxd4 26.Rxc7 Bxc7 27.exd4 Rc8 28.Qb2 Bd8 29.Nf3 Bf6
30.Nde5 Rc7 31.Ng4 Qd8 32.Bb4 a5 33.Bd2 Be7 34.Rc1 Nxd2 35.Qxd2 Bb4 36.Qe3 h6
37.Bh3 Ba6 38.Nge5 Qc8 39.Rxc7 Qxc7 40.Nxf7 Qc2 41.Bxe6 Qd1+ 42.Ne1 Bxe1
43.Nxh6+ Kh8 44.Nf7+ Kg8 45.Ne5+ Kh8 46.Ng6+ Kh7 47.Nf8+ Kh8 48.Ng6+ Kh7
49.Nf8+  1/2-1/2

[Event "40th Olympiad Open"]
[Site "Istanbul TUR"]
[Date "2012.08.31"]
[Round "4.50"]
[White "Maduro,S"]
[Black "Barileng,G"]
[Result "0-1"]
[WhiteElo "2030"]
[BlackElo "2151"]

1.d4 d5 2.c4 e6 3.g3 Nf6 4.Bg2 Be7 5.Nf3 O-O 6.O-O c6 7.b3 b6 8.Ne5 Nfd7
9.Nd3 Ba6 10.Nd2 Nf6 11.Bb2 Nbd7 12.Rc1 Rc8 13.e4 dxe4 14.Nxe4 Nxe4 15.Bxe4 Bf6
16.Nb4 Bb7 17.Qf3 Qc7 18.Rfd1 a5 19.Nd3 Bg5 20.Qh5 Bh6 21.d5 f5 22.dxc6 fxe4
23.cxb7 Qxb7 24.Nf4 Bxf4 25.gxf4 Nc5 26.Ba3 Rf5 27.Qh4 Nd3 28.Rc3 Rxf4 29.Qh3 Qf7
30.Rcxd3 exd3 31.Qxd3 h6 32.Qd7 Qg6+ 33.Kf1 Re8 34.Bd6 e5 35.Qc6 Rg4 36.Ke2 Rd4
37.Qf3  0-1

[Event "40th Olympiad Open"]
[Site "Istanbul TUR"]
[Date "2012.09.01"]
[Round "5.03"]
[White "Fridman,D"]
[Black "Drasko,M"]
[Result "1-0"]
[WhiteElo "2653"]
[BlackElo "2479"]

1.Nf3 Nf6 2.c4 e6 3.g3 d5 4.d4 Be7 5.Bg2 O-O 6.O-O Nbd7 7.Qc2 c6 8.Nbd2 b6
9.e4 Ba6 10.b3 Rc8 11.Bb2 c5 12.exd5 exd5 13.Qf5 g6 14.Qh3 h5 15.Rfe1 Rc7
16.Qh4 Bb7 17.Qf4 Ne8 18.dxc5 Nxc5 19.Qh6 Nf6 20.Ng5 Re8 21.Nxf7 Kxf7 22.Nf3 Bf8
23.Ng5+ Kg8 24.Qxg6+ Rg7 25.Rxe8 Qxe8 26.Qxf6 Qg6 27.h4 Qxf6 28.Bxf6 Rg6
29.Bd4  1-0

[Event "40th Olympiad Open"]
[Site "Istanbul TUR"]
[Date "2012.09.01"]
[Round "5.41"]
[White "Ismagambetov,An"]
[Black "Pileckis,E"]
[Result "0-1"]
[WhiteElo "2471"]
[BlackElo "2443"]

1.d4 Nf6 2.c4 e6 3.g3 d5 4.Nf3 Be7 5.Bg2 O-O 6.O-O dxc4 7.Qc2 a6 8.a4 Bd7
9.Rd1 Bc6 10.Nc3 Bb4 11.Bg5 Nbd7 12.d5 exd5 13.Nxd5 Be7 14.Nxe7+ Qxe7 15.Qxc4 h6
16.Be3 Rfe8 17.b3 Be4 18.b4 c6 19.a5 Nd5 20.Bc5 Nxc5 21.bxc5 Rad8 22.e3 Rd7
23.Nh4 Bxg2 24.Kxg2 Red8 25.Nf5 Qe6 26.Qg4 g6 27.e4 Nf4+ 28.Qxf4 Rxd1 29.Nxh6+ Kg7
30.Rxd1 Rxd1 31.Ng4 f5 32.exf5 Qd5+ 33.Kh3 Qxf5 34.Qxf5 gxf5 35.Ne3 Rc1 36.Nxf5+ Kg6
37.Nd6 Rxc5 38.f4 Rd5 39.Nc4 Rc5 40.Ne5+ Kg7 41.Kg4 b5 42.axb6 a5 43.Kf3 a4
44.b7 Rb5 45.Nc4 Rxb7 46.Ke2 Rb3 47.Na5 Rb2+ 48.Kd3 a3 49.Kc3 Rb5 50.Nb3 a2
51.Kd4  0-1

[Event "40th Olympiad Open"]
[Site "Istanbul TUR"]
[Date "2012.09.01"]
[Round "5.19"]
[White "Kasimdzhanov,R"]
[Black "Njili,K"]
[Result "1-0"]
[WhiteElo "2684"]
[BlackElo "2357"]

1.d4 Nf6 2.c4 e6 3.Nf3 d5 4.g3 Be7 5.Bg2 O-O 6.Qc2 dxc4 7.Nbd2 Nc6 8.Qxc4 Qd5
9.O-O Rd8 10.e3 Ne4 11.Qe2 Nxd2 12.Nxd2 Qd7 13.Nc4 Rb8 14.Bd2 b6 15.Rac1 Bb7
16.Rfd1 Bf6 17.Bc3 Ne7 18.e4 Qb5 19.b3 g6 20.Qb2 Bg7 21.Ne3 c5 22.dxc5 Rxd1+
23.Nxd1 Bxc3 24.Nxc3 bxc5 25.Nxb5  1-0

[Event "11th Kesarovski-Stanchev Mem"]
[Site "Sunny Beach BUL"]
[Date "2012.09.01"]
[Round "1.14"]
[White "Sedlacek,Ji"]
[Black "Mammadov,A"]
[Result "0-1"]
[WhiteElo "2026"]
[BlackElo "2403"]

1.c4 e6 2.g3 d5 3.d4 Nf6 4.Bg2 Be7 5.Nf3 O-O 6.O-O dxc4 7.Qc2 a6 8.Qxc4 b5
9.Qc2 Bb7 10.a3 Nbd7 11.Nc3 c5 12.dxc5 Bxc5 13.Ng5 Bxg2 14.Kxg2 Rc8 15.Qb3 Qb6
16.h3 Rfd8 17.Nf3 Qb7 18.Bg5 e5 19.Kh2 e4 20.Nh4 h6 21.Bxf6 Nxf6 22.Rad1 e3
23.fxe3 Qe7 24.Rf3 Rxd1 25.Qxd1 g6 26.Qb3 Kg7 27.Ng2 Rd8 28.Qc2 Qe5 29.Nd1 Ne4
30.Nc3 Ng5 31.Rf4 Bd6 32.Qb3 Ne6 33.Rf3 h5 34.Nd5 Nc5 35.Qc3 Ne4 36.Qxe5+ Bxe5
37.Nc3 Bxc3 38.bxc3 Nxc3 39.Nf4 Rd2 40.Rf2 Ra2 41.Nd3 Rxa3  0-1

[Event "40th Olympiad Women"]
[Site "Istanbul TUR"]
[Date "2012.09.03"]
[Round "6.3"]
[White "Batsiashvili,N"]
[Black "Mrvova,A"]
[Result "0-1"]
[WhiteElo "2432"]
[BlackElo "2241"]

1.d4 Nf6 2.c4 e6 3.g3 d5 4.Nf3 Be7 5.Bg2 O-O 6.O-O dxc4 7.Qc2 a6 8.a4 c5
9.dxc5 Nc6 10.Qxc4 Qa5 11.Be3 Nd5 12.Rc1 Nxe3 13.fxe3 e5 14.Nbd2 Be6 15.Qc3 Qxc3
16.Rxc3 Rfd8 17.Nc4 f6 18.Nb6 Rab8 19.Ne1 f5 20.Bxc6 bxc6 21.Nd3 Bf6 22.Nb4 Rd2
23.Nxc6 Re8 24.b4 Rxe2 25.Rb1 f4 26.e4 Rxe4 27.b5 axb5 28.a5 Re2 29.Ra3 Bf5
30.Rd1 Be4 31.Nd5 Rg2+ 32.Kf1 Rxh2 33.Ncb4 Rh1+ 34.Ke2 f3+ 35.Ke3 Rxd1 36.Kxe4 f2
37.Rf3 f1=Q 38.Rxf1 Rxf1 39.c6 Re1+ 40.Kd3 Be7 41.Na6 Bd6 42.c7 Rd1+ 43.Ke4 Rd4+  0-1

[Event "40th Olympiad Open"]
[Site "Istanbul TUR"]
[Date "2012.09.03"]
[Round "6.39"]
[White "Rama,L"]
[Black "Salov,S"]
[Result "1/2-1/2"]
[WhiteElo "2292"]
[BlackElo "2234"]

1.Nf3 Nf6 2.c4 e6 3.g3 d5 4.Bg2 Be7 5.d4 O-O 6.O-O dxc4 7.Qc2 a6 8.a4 Bd7
9.Qxc4 Bc6 10.Bg5 Nbd7 11.Nc3 h6 12.Bxf6 Nxf6 13.Rfd1 a5 14.Ne5 Bxg2 15.Kxg2 Bb4
16.f3 c6 17.e4 Qb6 18.Nd3 Be7 19.b3 Rfd8 20.Ne2 Qa6 21.Rac1 Nd7 22.Qc2 Ba3
23.Rb1 Be7 24.Rbc1 Ba3 25.Rb1 Be7  1/2-1/2